|
|
|
|
| LEADER |
00642nab a2200169 i 4500 |
| 001 |
acta352 |
| 005 |
20210616150925.0 |
| 008 |
161015s1939 hu o 0|| ger d |
| 040 |
|
|
|a SZTE Egyetemi Kiadványok Repozitórium
|b hun
|
| 041 |
|
|
|a ger
|
| 100 |
1 |
|
|a Komáromy J.
|
| 245 |
1 |
4 |
|a Der La Tène Fund von Jászberény. (Tafel XIV.)
|h [elektronikus dokumentum] /
|c Komáromy J.
|
| 260 |
|
|
|c 1939
|
| 300 |
|
|
|a 169-170
|
| 490 |
0 |
|
|a Dolgozatok a Magyar Királyi Ferencz József Tudományegyetem Archaeologiai Intézetéből
|v 15
|
| 700 |
0 |
1 |
|a Párducz Mihály
|e aut
|
| 856 |
4 |
0 |
|u http://acta.bibl.u-szeged.hu/352/1/dolgozatok_1939_169-170.pdf
|z Dokumentum-elérés
|